| 000 | 00000nam 2200000zi 4500 |
| 001 | 9.940277 |
| 003 | CaOODSP |
| 005 | 20250820092633 |
| 006 | m o d f |
| 007 | cr mn||||||||| |
| 008 | 240708e202408 onc o f000 0 eng d |
| 020 | |a9780660727011 |
| 040 | |aCaOODSP|beng|erda|cCaOODSP |
| 043 | |an-cn--- |
| 086 | 1 |aHP40-251/4-2023E-PDF |
| 245 | 00|a2022-2023 progress report : |bGovernment of Canada five-year action plan on sexually transmitted and blood-borne infections. |
| 264 | 1|aOttawa, ON : |bGovernment of Canada = Gouvernement du Canada, |cAugust 2024. |
| 264 | 4|c©2024 |
| 300 | |a1 online resource (ii, 31 pages) |
| 336 | |atext|btxt|2rdacontent |
| 337 | |acomputer|bc|2rdamedia |
| 338 | |aonline resource|bcr|2rdacarrier |
| 500 | |aIssued also in French under title: Rapport d'étape 2022-2023 : plan d'action quinquennal du gouvernement du Canada sur les infections transmises sexuellement et par le sang. |
| 500 | |a"Pub.: 240343"--Verso of cover. |
| 650 | 0|aSexually transmitted diseases|xGovernment policy|zCanada. |
| 650 | 0|aBloodborne infections|xGovernment policy|zCanada. |
| 710 | 2 |aPublic Health Agency of Canada, |eissuing body. |
| 775 | 08|tRapport d'étape 2022-2023 : |w(CaOODSP)9.940278 |
| 794 | |t2023-2024 progress report : |b2025|w(CaOODSP)9.948933 |
| 795 | |t2020-2022 progress report : |w(CaOODSP)9.920904 |
| 856 | 40|qPDF|s470 KB|uhttps://publications.gc.ca/collections/collection_2025/aspc-phac/HP40-251-4-2023-eng.pdf |
| 856 | 4 |qHTML|sN/A|uhttps://www.canada.ca/en/public-health/services/publications/diseases-conditions/2022-2023-progress-report-action-plan-sexually-transmitted-blood-borne-infections.html |